书目信息 |
| 题名: |
理财分在师--Excd 97中文版
|
|
| 作者: | 宣士友 | |
| 分册: | ||
| 出版信息: | 人民邮电出版社 1997. 8 |
|
| 页数: | 239页 | |
| 开本: | 16开 | |
| 丛书名: | ||
| 单 册: | ||
| 中图分类: | TP315 | |
| 科图分类: | ||
| 主题词: | 软件 | |
| 电子资源: | ||
| ISBN: | ||
| 000 | 00522nam0 2200193 45 | |
| 001 | 0308271010 | |
| 005 | 20030827105653.5 | |
| 010 | @dRMB20.00 | |
| 100 | @a20030827d1997 km y0chiy0120 ea | |
| 101 | @achi | |
| 105 | @a z 000yy | |
| 200 | 1 | @a理财分在师--Excd 97中文版@Ali cai fen zai shi--Excd 97 zhong wen ban@f宣士友@Fxuan shi you |
| 210 | @c人民邮电出版社@d1997. 8 | |
| 215 | @a239页@c无图表@d16开 | |
| 606 | 0 | @a软件 |
| 690 | @aTP315@v3 | |
| 701 | 0 | @a宣士友 |
| 801 | @aCN@b@c20030827 | |
| 905 | @aBZT@dTP315@e92 | |
| 理财分在师--Excd 97中文版/宣士友.-人民邮电出版社,1997. 8 |
| 239页:无图表;16开 |
| ISBN :RMB20.00 |
| ● |
| 相关链接 |
|
|
|
正题名:理财分在师--Excd 97中文版
索取号:TP315/92
 
预约/预借
| 序号 | 登录号 | 条形码 | 馆藏地/架位号 | 状态 | 备注 |